Electricidad del automóvil
Uloženo v:
| Hlavní autor: | |
|---|---|
| Médium: | Kniha |
| Jazyk: | španělština |
| Vydáno: |
Buenos Aires
Librería Mitre
1973
|
| Témata: | |
| Tagy: |
Přidat tag
Žádné tagy, Buďte první, kdo vytvoří štítek k tomuto záznamu!
|
MARC
| LEADER | 00000nam a2200000 a 4500 | ||
|---|---|---|---|
| 001 | UCP1307 | ||
| 003 | CL-VaPUC | ||
| 008 | 990401e19730000AG |||||||||||||||||spa|d | ||
| 082 | 0 | 4 | |a 629.254 |b SAN |2 21 |
| 100 | 0 | |a San Pedro, Roberto |e author |9 427282 | |
| 245 | 1 | 0 | |a Electricidad del automóvil |
| 300 | |a 298 p | ||
| 942 | |c BK | ||
| 945 | |d 19990401 00:00:00 |a lriquelm | ||
| 260 | |a Buenos Aires |b Librería Mitre |c 1973 | ||
| 650 | 0 | |a Automóviles |9 260871 | |
| 650 | 0 | |a Equipo eléctrico |9 345678 | |
| 650 | 0 | |a Tecnología |9 256742 | |
| 650 | 0 | |a Diseño y construcción |9 260862 | |
| 650 | 0 | |a Circuitos eléctricos |9 260262 | |
| 583 | |a last modification |c 19990401 00:00:00 |k Rodrigo Vera | ||
| 999 | |c 280000 |d 279998 | ||